[Event "Lliga Catalana DH "]
[Site "?"]
[Date "2018.04.07"]
[Round "10.9"]
[White "Pages Rafart, Jordi"]
[Black "Garcia Acosta, Roger"]
[Result "0-1"]
[WhiteElo "2232"]
[BlackElo "2220"]
[PlyCount "98"]
[WhiteTeam "OLO"]
[BlackTeam "PEC"]

1. d4 d5 2. c4 e6 3. Nc3 Be7 4. Nf3 Nf6 5. Bg5 h6 6. Bh4 O-O 7. e3 b6 8. cxd5
exd5 9. Bd3 Be6 10. O-O c5 11. Rc1 Nbd7 12. h3 Rc8 13. Bg3 c4 14. Bb1 b5 15.
Ne5 b4 16. Ne2 Ne4 17. Bh2 Ndf6 18. f3 Nd6 19. Nf4 Bf5 20. Bxf5 Nxf5 21. Re1
Qa5 22. Qc2 Nd6 23. Kh1 Nb5 24. b3 c3 25. Nfd3 Bd6 26. g4 Qc7 27. g5 hxg5 28.
h4 gxh4 29. Rg1 Nh5 30. f4 Rfe8 31. Qf2 Qe7 32. Rg5 f6 33. Rg6 Ng3+ 34. Bxg3
hxg3 35. Qxg3 fxe5 36. Rg1 Rc7 37. fxe5 c2 38. exd6 Nxd6 39. Nc5 Nf5 40. Qg4
Qh4+ 41. Qxh4 Nxh4 42. R6g4 Nf3 43. Rc1 Rxe3 44. Rxc2 Re1+ 45. Kg2 Rg1+ 46.
Kxf3 Rf7+ 47. Rf4 Rf1+ 48. Kg3 R7xf4 49. Ne6 Rf6 0-1

[Event "Lliga Catalana DH "]
[Site "?"]
[Date "2018.04.07"]
[Round "10.8"]
[White "Valencia Jimenez, Jose"]
[Black "Serrat Rifa, Ernest"]
[Result "1-0"]
[WhiteElo "2263"]
[BlackElo "2269"]
[PlyCount "129"]
[WhiteTeam "PEC"]
[BlackTeam "OLO"]

1. Nf3 Nf6 2. g3 c5 3. c4 Nc6 4. Bg2 g6 5. O-O Bg7 6. Nc3 O-O 7. d3 a6 8. Rb1
Rb8 9. a3 b5 10. cxb5 axb5 11. b4 cxb4 12. axb4 d5 13. Bf4 Rb6 14. Ne5 Bb7 15.
Nxc6 Bxc6 16. Be5 d4 17. Bxc6 dxc3 18. Bg2 Nd5 19. Bxg7 Kxg7 20. Qb3 e6 21. e4
Nf6 22. Qxc3 Qd7 23. Rbc1 Rd8 24. Rfd1 Qd4 25. h3 Qxc3 26. Rxc3 Rd4 27. Rb1 Nd7
28. Kf1 Ra6 29. Rb2 Ra4 30. Rcb3 e5 31. f4 f6 32. Ke2 Kf7 33. Bf3 Ke7 34. Bg4
Nb8 35. Rc3 h5 36. Bc8 Rdxb4 37. Rc7+ Ke8 38. Rbc2 Rb1 39. Be6 Raa1 40. Bf7+
Kf8 41. Bxg6 Re1+ 42. Kd2 Red1+ 43. Kc3 Na6 44. Rf7+ Kg8 45. Rxf6 Ra3+ 46. Kb2
Rdxd3 47. Bf7+ Kg7 48. fxe5 Rxg3 49. Bd5 Ra4 50. Rc3 Rg2+ 51. Kb3 Raa2 52. Rf7+
Kg6 53. Rc6+ Kg5 54. Rg7+ Kf4 55. Rxg2 Rxg2 56. Rxa6 Kxe5 57. Kb4 Rg3 58. h4
Rg4 59. Re6+ Kd4 60. Kxb5 Rxh4 61. Kc6 Rh2 62. Kd6 Rb2 63. Rh6 Rh2 64. e5 h4
65. e6 1-0

[Event "Lliga Catalana DH "]
[Site "?"]
[Date "2018.04.07"]
[Round "10.4"]
[White "Escandell Mari, Juan Carlos"]
[Black "Busquets Prat, Rafel"]
[Result "1-0"]
[WhiteElo "2351"]
[BlackElo "2352"]
[PlyCount "75"]
[WhiteTeam "PEC"]
[BlackTeam "OLO"]

1. e4 c5 2. Nf3 Nc6 3. d4 cxd4 4. Nxd4 Nf6 5. Nc3 e5 6. Ndb5 d6 7. Bg5 a6 8.
Na3 b5 9. Nd5 Be7 10. Bxf6 Bxf6 11. c3 O-O 12. Nc2 Rb8 13. a4 bxa4 14. Ncb4
Nxb4 15. cxb4 Bb7 16. Rxa4 Bxd5 17. Qxd5 Qd7 18. Rxa6 Rxb4 19. Bc4 Rc8 20. b3
Rf8 21. O-O Qb7 22. Qxd6 Be7 23. Qxe5 Rxc4 24. bxc4 Qxa6 25. Qxe7 Qxc4 26. h4
Qc6 27. Rd1 h5 28. g3 Re8 29. Rd8 Rxd8 30. Qxd8+ Kh7 31. Qd5 Qxd5 32. exd5 Kg6
33. f4 Kf5 34. Kf2 f6 35. Ke3 g5 36. fxg5 fxg5 37. hxg5 Kxg5 38. Ke4 1-0

[Event "Lliga Catalana DH "]
[Site "Lleida"]
[Date "2018.04.07"]
[Round "10.1"]
[White "Barbero Sendic, Alejandro"]
[Black "Asis Gargatagli, Hipolitos"]
[Result "1/2-1/2"]
[WhiteElo "2430"]
[BlackElo "2561"]
[PlyCount "31"]
[EventDate "2018.??.??"]
[WhiteTeam "LLE"]
[BlackTeam "SCU"]

1. d4 Nf6 2. Bg5 c5 3. Nc3 cxd4 4. Qxd4 Nc6 5. Qh4 d6 6. O-O-O Qa5 7. e4 Be6 8.
a3 h6 9. Bxf6 gxf6 10. f4 f5 11. Bb5 a6 12. Bxc6+ bxc6 13. exf5 Bxf5 14. Nf3
Rg8 15. Nd4 Bd7 16. Rhe1 1/2-1/2

[Event "Lliga Catalana DH "]
[Site "Lleida"]
[Date "2018.04.07"]
[Round "10.2"]
[White "Alonso Bouza, Julio Javier"]
[Black "Trepat Herranz, Joan"]
[Result "1/2-1/2"]
[WhiteElo "2373"]
[BlackElo "2431"]
[PlyCount "81"]
[EventDate "2018.??.??"]
[WhiteTeam "SCU"]
[BlackTeam "LLE"]

1. e4 e5 2. Nf3 Nc6 3. Bb5 a6 4. Ba4 Nf6 5. Qe2 Be7 6. c3 b5 7. Bb3 d5 8. d3
O-O 9. Nbd2 a5 10. a3 Qd7 11. O-O Ba6 12. Rd1 Rad8 13. Nf1 a4 14. Bc2 Rfe8 15.
Ng3 h6 16. d4 dxe4 17. Nxe5 Qe6 18. Nxc6 Qxc6 19. Bxe4 Nxe4 20. Qxe4 Qxe4 21.
Nxe4 Bb7 22. Ng3 Bd6 23. Be3 Bxg3 24. hxg3 Bd5 25. Re1 f6 26. f3 Kf7 27. Bf4 c6
28. Kf2 Bc4 29. Bc7 Rxe1 30. Rxe1 Re8 31. Rxe8 Kxe8 32. g4 Kd7 33. Bb6 Ke6 34.
Bc5 Bd5 35. Ke3 Bc4 36. g3 Bd5 37. Bf8 Kf7 38. Bb4 Ke6 39. Bf8 Kf7 40. Bc5 Ke6
41. Bf8 1/2-1/2

[Event "Lliga Catalana DH "]
[Site "Lleida"]
[Date "2018.04.07"]
[Round "10.3"]
[White "Baches Garcia, Guillem"]
[Black "Lillo Castany, Victor"]
[Result "1/2-1/2"]
[WhiteElo "2406"]
[BlackElo "2401"]
[PlyCount "23"]
[EventDate "2018.??.??"]
[WhiteTeam "LLE"]
[BlackTeam "SCU"]

1. d4 d5 2. Bf4 Nf6 3. e3 e6 4. Nd2 Bd6 5. Bg3 O-O 6. Ngf3 c5 7. c3 Nc6 8. Bd3
b6 9. e4 Be7 10. dxc5 bxc5 11. exd5 exd5 12. O-O 1/2-1/2

[Event "Lliga Catalana DH "]
[Site "Lleida"]
[Date "2018.04.07"]
[Round "10.4"]
[White "Lerch Gallemi, Josep Mª"]
[Black "Oussama Lahchaichi, Adel"]
[Result "0-1"]
[WhiteElo "2322"]
[BlackElo "2378"]
[PlyCount "123"]
[EventDate "2018.??.??"]
[WhiteTeam "SCU"]
[BlackTeam "LLE"]

1. e4 c5 2. Nc3 Nc6 3. f4 g6 4. Nf3 Bg7 5. Bb5 Nd4 6. O-O Nxb5 7. Nxb5 d5 8. d3
a6 9. Nc3 d4 10. Ne2 e6 11. a4 b6 12. c3 dxc3 13. bxc3 Ne7 14. Be3 Qc7 15. Rb1
O-O 16. Qb3 Rb8 17. a5 b5 18. Qa3 c4 19. Bc5 cxd3 20. Ned4 Nc6 21. Bd6 Qa7 22.
Bxb8 Nxb8 23. Rbd1 Bb7 24. Rfe1 Rc8 25. Rxd3 Bf8 26. Qa1 Nd7 27. Kh1 Nc5 28.
Rde3 Qb8 29. e5 Bd5 30. Nd2 Qb7 31. R1e2 Bh6 32. Qf1 Qc7 33. Rh3 Bg7 34. Qa1 h5
35. Rhe3 Bh6 36. Rf2 Qd8 37. Kg1 Bb7 38. N2b3 Na4 39. Rd3 Qc7 40. Ne2 Bd5 41.
Nbd4 Qxa5 42. f5 Be4 43. Rg3 exf5 44. Nxf5 Bxf5 45. Rxf5 Qb6+ 46. Kh1 h4 47.
Rg4 Qe3 48. Qf1 Rc7 49. Rf3 Qxe5 50. Rxh4 Bg5 51. Rb4 Nxc3 52. Ng1 Nd5 53. Rb1
f5 54. Re1 Be3 55. Rg3 Kg7 56. Nf3 Qf4 57. Qd3 Bf2 58. Qxd5 Bxe1 59. Rg5 Bh4
60. Qd8 Rc1+ 61. Ng1 Rxg1+ 62. Kxg1 0-1

[Event "Lliga Catalana DH "]
[Site "Lleida"]
[Date "2018.04.07"]
[Round "10.5"]
[White "Martinez Lopez, Ivan"]
[Black "Mateos Rozas, Miguel Angel"]
[Result "0-1"]
[WhiteElo "2317"]
[BlackElo "2295"]
[PlyCount "141"]
[EventDate "2018.??.??"]
[WhiteTeam "LLE"]
[BlackTeam "SCU"]

1. Nf3 Nf6 2. c4 d6 3. g3 g6 4. b3 Bg7 5. Bb2 O-O 6. Bg2 e5 7. O-O Nc6 8. Nc3
Re8 9. d3 Bf5 10. Nd2 Qd7 11. Nde4 Nxe4 12. dxe4 Bg4 13. Qd2 Nd4 14. f3 Bh3 15.
e3 Bxg2 16. Kxg2 Ne6 17. Rad1 h5 18. h3 Kh7 19. Nd5 Rad8 20. Qc2 c6 21. Nc3 Ng5
22. g4 Qe7 23. Ne2 Ne6 24. Ba3 Bh6 25. Rd3 Rg8 26. Ng3 Qh4 27. Qf2 Rh8 28. Ne2
Qe7 29. Rfd1 c5 30. Ng3 hxg4 31. hxg4 Kg7 32. Bb2 Bf4 33. Rg1 Rh7 34. Kf1 Bxg3
35. Qxg3 f6 36. Rd2 Ng5 37. Qg2 Rdh8 38. f4 Rh2 39. Qxh2 Rxh2 40. Rxh2 Nf3 41.
Rf2 Nxg1 42. Kxg1 Qd7 43. g5 Qg4+ 44. Kf1 Qd1+ 45. Kg2 fxg5 46. fxe5 Qg4+ 47.
Kf1 Qd1+ 48. Kg2 dxe5 49. Bxe5+ Kh6 50. Rf1 Qe2+ 51. Rf2 Qxe3 52. Bb8 Qxe4+ 53.
Kg3 Qe3+ 54. Kg2 a6 55. Rf3 Qe4 56. Kg3 Kh5 57. Rf2 Qe3+ 58. Kg2 Qe1 59. Bg3
Qe4+ 60. Kg1 Qe3 61. Bb8 g4 62. Bf4 Qe1+ 63. Rf1 Qe4 64. Bg3 g5 65. Rf2 b5 66.
cxb5 axb5 67. Kf1 Qd3+ 68. Kg2 c4 69. bxc4 bxc4 70. Rf1 c3 71. Kg1 0-1

[Event "Lliga Catalana DH "]
[Site "Lleida"]
[Date "2018.04.07"]
[Round "10.6"]
[White "Romero Calderon, Juan"]
[Black "Quintas Galeano, Lluis"]
[Result "1-0"]
[WhiteElo "2301"]
[BlackElo "2227"]
[PlyCount "95"]
[EventDate "2018.??.??"]
[WhiteTeam "SCU"]
[BlackTeam "LLE"]

1. d4 Nf6 2. Nf3 d6 3. c4 Nbd7 4. Nc3 e5 5. e3 Be7 6. Be2 O-O 7. b3 c6 8. O-O
a6 9. dxe5 dxe5 10. Bb2 Qc7 11. Qc2 Re8 12. Rad1 Bf8 13. Rd2 Qa5 14. Ng5 h6 15.
Nge4 Nxe4 16. Nxe4 Bb4 17. Rdd1 Nf8 18. a3 Be7 19. Nd6 Bxd6 20. Rxd6 Qc5 21.
Rfd1 a5 22. Qc3 Bf5 23. b4 axb4 24. axb4 Qa7 25. c5 Qb8 26. Bc4 Qc7 27. f3 Kh7
28. Qb3 Bg6 29. e4 Qe7 30. Qc3 f6 31. Qd3 Bf7 32. b5 Bxc4 33. Qxc4 cxb5 34.
Qxb5 Ne6 35. f4 Nxf4 36. Rd7 Qe6 37. Qxb7 Qg4 38. g3 Rg8 39. Qb3 Rab8 40. Qc2
Nh3+ 41. Kg2 Ng5 42. Rf1 Qxe4+ 43. Qxe4+ Nxe4 44. Ba3 Rgc8 45. Rc1 Rc6 46. Rc4
Nd2 47. Rxd2 Rb3 48. Ra2 1-0

[Event "Lliga Catalana DH "]
[Site "Lleida"]
[Date "2018.04.07"]
[Round "10.7"]
[White "Sole Pijuan, Ferran"]
[Black "Brusi Noguera, Ricard Ll."]
[Result "1-0"]
[WhiteElo "2226"]
[BlackElo "2310"]
[PlyCount "81"]
[EventDate "2018.??.??"]
[WhiteTeam "LLE"]
[BlackTeam "SCU"]

1. d4 Nf6 2. c4 c5 3. d5 e6 4. Nc3 exd5 5. cxd5 d6 6. Nf3 g6 7. Bf4 a6 8. a4
Bg7 9. h3 O-O 10. e3 Re8 11. Be2 Ne4 12. Nxe4 Rxe4 13. Nd2 Rb4 14. Nc4 Bxb2 15.
Nxb2 Rxb2 16. O-O Qf6 17. Bd3 Nd7 18. Bh2 Rb8 19. e4 b5 20. axb5 axb5 21. Bc2
c4 22. f4 Qc3 23. Rc1 Ra8 24. Rf3 Qb4 25. e5 Raa2 26. e6 Nf6 27. f5 Qc5+ 28.
Kh1 Qxd5 29. Qxd5 Nxd5 30. exf7+ Kxf7 31. fxg6+ Kg7 32. Rf7+ Kg8 33. gxh7+ Kxf7
34. h8=Q Rxc2 35. Rxc2 Rxc2 36. Qh7+ Ke8 37. Qxc2 Be6 38. Bxd6 c3 39. Ba3 b4
40. Bxb4 Nxb4 41. Qa4+ 1-0

[Event "Lliga Catalana DH "]
[Site "Lleida"]
[Date "2018.04.07"]
[Round "10.8"]
[White "Sierra Montoya, Miquel"]
[Black "Bruned Segura, Mario"]
[Result "1/2-1/2"]
[WhiteElo "2276"]
[BlackElo "2217"]
[PlyCount "110"]
[EventDate "2018.??.??"]
[WhiteTeam "SCU"]
[BlackTeam "LLE"]

1. e4 e5 2. Nf3 Nf6 3. Nxe5 d6 4. Nf3 Nxe4 5. Nc3 Nxc3 6. dxc3 Be7 7. Be3 Nc6
8. Qd2 Be6 9. O-O-O Qd7 10. a3 a6 11. Be2 O-O 12. Ng5 Bxg5 13. Bxg5 Rae8 14. h3
Na5 15. Qd4 Nc6 16. Qh4 Bf5 17. Bd3 (17. Be3) 17... Qe7 18. Qg3 Qe5 19. Qxe5
Rxe5 20. Rd2 Rfe8 21. Rhd1 Be4 22. Bf1 Bg6 23. b3 Bh5 24. g4 Bg6 25. Bg2 Be4
26. Bxe4 Rxe4 27. c4 b6 28. Rd3 f6 29. Kb2 a5 30. Bd2 Kf7 31. Re3 Rxe3 32. Bxe3
Re4 33. Kc3 Ne5 34. Rd4 Rxd4 35. Kxd4 Ke6 36. f4 Nc6+ 37. Ke4 Ne7 38. f5+ Kd7
39. h4 h6 40. g5 hxg5 41. hxg5 Ng8 42. c3 Kc8 43. b4 Kd7 44. Kf4 a4 45. c5 dxc5
46. bxc5 b5 47. Ke4 c6 48. g6 Ne7 49. Bf4 Nd5 50. Bd2 Ke7 51. Kd4 Kf8 52. Be1
Kg8 53. Bg3 Kh8 54. Bd6 Kg8 55. Bg3 Kh8 1/2-1/2

[Event "Lliga Catalana DH "]
[Site "Lleida"]
[Date "2018.04.07"]
[Round "10.9"]
[White "Codina Garcia, Josep"]
[Black "Sorroche Martin, Josep Maria"]
[Result "1/2-1/2"]
[WhiteElo "2189"]
[BlackElo "2243"]
[PlyCount "43"]
[EventDate "2018.??.??"]
[WhiteTeam "LLE"]
[BlackTeam "SCU"]

1. d4 c6 2. e4 d5 3. exd5 cxd5 4. Bd3 Nc6 5. c3 g6 6. Bf4 Bg7 7. Nd2 Nf6 8. Qe2
Nh5 9. Bg3 Nxg3 10. hxg3 Qd6 11. f4 Bd7 12. Ngf3 Bg4 13. Qe3 h5 14. O-O-O e6
15. Rde1 Ne7 16. Nh4 Rc8 17. Kb1 Bf6 18. Ndf3 Rg8 19. Ne5 Bxh4 20. Nxg4 hxg4
21. gxh4 Nf5 22. Bxf5 1/2-1/2

[Event "Lliga Catalana DH "]
[Site "Lleida"]
[Date "2018.04.07"]
[Round "10.10"]
[White "Barcelo Tizon, Cristian"]
[Black "Masague Artero, Guerau"]
[Result "0-1"]
[WhiteElo "2164"]
[BlackElo "2158"]
[PlyCount "87"]
[EventDate "2018.??.??"]
[WhiteTeam "SCU"]
[BlackTeam "LLE"]

1. c4 c5 2. Nc3 Nc6 3. g3 g6 4. Bg2 Bg7 5. e4 a6 6. Nge2 Rb8 7. d3 b5 8. O-O d6
9. h3 e6 10. f4 Nge7 11. g4 b4 12. Na4 Nd4 13. Rb1 f5 14. Be3 Bb7 15. Nxd4 cxd4
16. Bd2 Bc6 17. b3 Qd7 18. Nb2 O-O 19. Qe2 e5 20. Rbe1 a5 21. exf5 gxf5 22. g5
Ng6 23. Qf2 Rbe8 24. h4 e4 25. Qg3 e3 26. Bxc6 Qxc6 27. Bc1 Re6 28. Re2 Ne7 29.
h5 Rd8 30. Qh3 Re8 31. Kh2 d5 32. Qg2 Qd7 33. Na4 Rc8 34. Bb2 Qc6 35. Qh3 dxc4
36. bxc4 Qd6 37. g6 hxg6 38. h6 Bf6 39. h7+ Kf7 40. Kg3 Rh8 41. Rc1 g5 42. Qh5+
Ng6 43. Kg2 Kg7 44. Rh1 0-1

[Event "Lliga Catalana DH "]
[Site "Barcelona"]
[Date "2018.04.07"]
[Round "10.1"]
[White "Cruz Estrada, Filemon"]
[Black "Fluvia Poyatos, Jordi"]
[Result "0-1"]
[WhiteElo "2384"]
[BlackElo "2538"]
[PlyCount "58"]
[EventDate "2018.??.??"]
[WhiteTeam "TPE"]
[BlackTeam "SJO"]

1. c4 Nf6 2. g3 e6 3. Bg2 d5 4. Nf3 Be7 5. O-O O-O 6. b3 b6 7. Bb2 Bb7 8. d3
Nbd7 9. Nbd2 Re8 10. Rc1 Bf8 11. Rc2 a5 12. d4 a4 13. Ne5 axb3 14. axb3 Nxe5
15. dxe5 Nd7 16. Qb1 Qb8 17. cxd5 Bxd5 18. Bxd5 exd5 19. Nf3 Qb7 20. h4 g6 21.
h5 Bg7 22. hxg6 hxg6 23. Qc1 c5 24. Qf4 d4 25. Rfc1 Nxe5 26. Nxd4 cxd4 27. Bxd4
Re7 28. b4 Rae8 29. b5 Nd3 0-1

[Event "Lliga Catalana DH "]
[Site "Barcelona"]
[Date "2018.04.07"]
[Round "10.7"]
[White "Marques Taltavull, Antoni"]
[Black "Barcelo Sola, David"]
[Result "1/2-1/2"]
[WhiteElo "2231"]
[BlackElo "2178"]
[PlyCount "67"]
[EventDate "2018.??.??"]
[WhiteTeam "TPE"]
[BlackTeam "SJO"]

1. Nf3 Nc6 2. d4 d5 3. Bf4 Bg4 4. e3 e6 5. c3 Bd6 6. Bg3 Nge7 7. Bd3 e5 8. dxe5
Nxe5 9. Be2 Nxf3+ 10. gxf3 Bh5 11. Nd2 O-O 12. e4 dxe4 13. fxe4 Bxe2 14. Qxe2
Qd7 15. O-O-O Qa4 16. e5 Bc5 17. Kb1 b5 18. Ne4 Bb6 19. Rd7 Ng6 20. Rhd1 Rae8
21. f4 f5 22. Ng5 h6 23. Qh5 hxg5 24. Qxg6 Re7 25. b4 Bc5 26. Qxg5 Bd6 27.
R1xd6 cxd6 28. Rxd6 Rc7 29. Be1 a5 30. Rd8 Rc8 31. Rd7 Rf7 32. Rd8+ Rf8 33. Rd7
Rf7 34. Rd8+ 1/2-1/2

[Event "Lliga Catalana DH "]
[Site "Barcelona"]
[Date "2018.04.07"]
[Round "10.2"]
[White "Fluvia Poyatos, Jordi"]
[Black "Boix Moreno, Daniel"]
[Result "1-0"]
[WhiteElo "2460"]
[BlackElo "2328"]
[PlyCount "97"]
[EventDate "2018.??.??"]
[WhiteTeam "SJO"]
[BlackTeam "TPE"]

1. e4 c5 2. Nc3 Nc6 3. Bb5 Nd4 4. Nf3 e6 5. O-O a6 6. Bd3 Nc6 7. b3 d6 8. Bb2
Nf6 9. Re1 Bd7 10. Bf1 Be7 11. d4 cxd4 12. Nxd4 O-O 13. a4 Rc8 14. Qd2 Qc7 15.
Rac1 Nxd4 16. Qxd4 Qc5 17. Qxc5 Rxc5 18. Nb1 Rfc8 19. c4 Re8 20. f3 Rcc8 21.
Ba3 Bc6 22. Rcd1 Rcd8 23. Rd2 Nd7 24. a5 Bg5 25. Rxd6 Bf4 26. Rdd1 Bc7 27. Bb4
b6 28. Bd6 Rc8 29. Bxc7 Rxc7 30. axb6 Nxb6 31. Nc3 a5 32. Ra1 Ra8 33. Ra3 Nd7
34. Rea1 Rb8 35. Nb5 Bxb5 36. cxb5 Kf8 37. Rxa5 Ke7 38. Ra7 Rbb7 39. Rxb7 Rxb7
40. Kf2 Rc7 41. Ke3 Rc5 42. Kd2 Rc7 43. Bc4 Kd8 44. Kc3 Kc8 45. Ra8+ Nb8 46. b6
Rc6 47. Ra7 Nd7 48. b7+ Kb8 49. Ra8+ 1-0

[Event "Lliga Catalana DH "]
[Site "Barcelona"]
[Date "2018.04.07"]
[Round "10.8"]
[White "Fernandez Serrano, Pau"]
[Black "Saenz Rebull, Jordi"]
[Result "1-0"]
[WhiteElo "2145"]
[BlackElo "2173"]
[PlyCount "71"]
[EventDate "2018.??.??"]
[WhiteTeam "SJO"]
[BlackTeam "TPE"]

1. d4 d5 2. Bf4 Nf6 3. e3 e6 4. Nf3 c5 5. c3 cxd4 6. exd4 Nc6 7. Nbd2 Bd6 8.
Bg5 a5 9. Bb5 Bd7 10. O-O O-O 11. Re1 h6 12. Bh4 Be7 13. Qa4 Ne8 14. Bxe7 Qxe7
15. Ne5 Nxe5 16. dxe5 Bxb5 17. Qxb5 Nc7 18. Qb6 Rfb8 19. c4 Ra6 20. Qd4 b5 21.
cxd5 Nxd5 22. Rec1 Nb4 23. Nf3 Rc6 24. Rxc6 Nxc6 25. Qc3 Qd7 26. h3 Rc8 27. a3
Qd5 28. Re1 b4 29. axb4 axb4 30. Qc1 Rd8 31. Qe3 Na5 32. Qb6 b3 33. Rc1 Nb7 34.
Rc7 Na5 35. Rc5 Qd1+ 36. Kh2 1-0

[Event "Lliga Catalana DH "]
[Site "Barcelona"]
[Date "2018.04.07"]
[Round "10.9"]
[White "Vargas Drechsler, Carlos"]
[Black "Martinez Talavera, Jordi"]
[Result "1-0"]
[WhiteElo "2130"]
[BlackElo "2087"]
[PlyCount "92"]
[EventDate "2018.??.??"]
[WhiteTeam "TPE"]
[BlackTeam "SJO"]

1. e4 e6 2. d4 d5 3. Nc3 Bb4 4. Nge2 dxe4 5. a3 Be7 6. Nxe4 Nf6 7. Qd3 Bd7 8.
N2c3 Bc6 9. Bf4 Nd5 10. Nxd5 exd5 11. Nc3 O-O 12. Be2 Bd6 13. Qg3 Bxf4 14. Qxf4
Nd7 15. O-O Qf6 16. Qxf6 Nxf6 17. Bf3 Rad8 18. Rfe1 Rfe8 19. Rad1 Kf8 20. Kf1
a5 21. Rxe8+ Bxe8 22. Re1 b5 23. b4 a4 24. Re5 c6 25. Nd1 Nd7 26. Re1 f5 27.
Nb2 Nf6 28. Re5 g6 29. Nd3 Nd7 30. Re1 g5 31. g3 Kf7 32. h4 h6 33. hxg5 hxg5
34. Kg2 Nf8 35. Bh5+ Ng6 36. Ne5+ Kf6 37. Bxg6 Bxg6 38. Nxg6 Kxg6 39. Re6+ Kh5
40. Rxc6 Re8 41. Rc5 Re2 42. Kf3 Re1 43. Rxd5 Ra1 44. Rxb5 Rxa3+ 45. Ke2 Kg4
46. d5 f4 1-0

[Event "Lliga Catalana DH "]
[Site "Barcelona"]
[Date "2018.04.07"]
[Round "10.10"]
[White "Dominguez Laguna, Eduard"]
[Black "Moreno Oller, Victor"]
[Result "1-0"]
[WhiteElo "1978"]
[BlackElo "1958"]
[PlyCount "89"]
[EventDate "2018.??.??"]
[WhiteTeam "SJO"]
[BlackTeam "TPE"]

1. e4 c5 2. Nc3 Nc6 3. Bb5 Nd4 4. Nf3 Nxb5 5. Nxb5 d6 6. d4 a6 7. Nc3 cxd4 8.
Qxd4 e5 9. Qd3 Nf6 10. Bg5 Be6 11. O-O Be7 12. Nd2 b5 13. a4 b4 14. Bxf6 Bxf6
15. Nd5 Bxd5 16. Qxd5 O-O 17. Nc4 Be7 18. Rfd1 Rc8 19. b3 Rc5 20. Qb7 a5 21.
Qa7 f5 22. Qxc5 dxc5 23. Rxd8 Bxd8 24. exf5 Bc7 25. g4 Rd8 26. Re1 Rd5 27. Kf1
Kf7 28. Ke2 Kf6 29. Ke3 h6 30. Re2 Kg5 31. f3 Rd4 32. Rd2 Rxd2 33. Nxd2 Kh4 34.
Ke4 Kh3 35. Nc4 Kxh2 36. Nxe5 Bxe5 37. Kxe5 Kg3 38. Ke4 Kf2 39. f4 Ke2 40. g5
hxg5 41. fxg5 Kd2 42. Kd5 Kxc2 43. Kc4 Kb2 44. f6 gxf6 45. gxf6 1-0

[Event "Lliga Catalana DH "]
[Site "?"]
[Date "2018.04.07"]
[Round "10.4"]
[White "Guerrero Sierra, Juan Carlos"]
[Black "Gonzalez Verges, Alex"]
[Result "1-0"]
[WhiteElo "2347"]
[BlackElo "2312"]
[PlyCount "71"]
[EventDate "2018.??.??"]
[WhiteTeam "SJO"]
[BlackTeam "TPE"]

1. d4 Nf6 2. c4 g6 3. f3 d6 4. Nc3 c6 5. e4 Nbd7 6. Nge2 a6 7. a4 e5 8. d5 a5
9. Be3 Nc5 10. Nc1 Na6 11. Qd2 Nb4 12. dxc6 bxc6 13. Nb3 Be6 14. Rd1 Qc7 15.
Be2 Rd8 16. O-O Bg7 17. Rc1 O-O 18. Nd5 Bxd5 19. cxd5 c5 20. Nxc5 dxc5 21. Rxc5
Qa7 22. Rfc1 Qa8 23. Bb5 Rc8 24. d6 Rxc5 25. Rxc5 Rd8 26. Rc7 Bf8 27. d7 Qb8
28. Qc3 Nfd5 29. exd5 Nxd5 30. Rc8 Nxc3 31. Rxb8 Rxb8 32. bxc3 Be7 33. c4 f6
34. c5 Kf8 35. c6 Bd6 36. Bb6 1-0

[Event "Lliga Catalana DH "]
[Site "Barcelona"]
[Date "2018.04.07"]
[Round "10.6"]
[White "Fernandez Madrid, Carlos"]
[Black "Prat Llabres, Joan"]
[Result "1-0"]
[WhiteElo "2242"]
[BlackElo "2259"]
[PlyCount "84"]
[EventDate "2018.??.??"]
[WhiteTeam "SJO"]
[BlackTeam "TPE"]

1. d4 Nf6 2. c4 g6 3. Nc3 Bg7 4. e4 d6 5. Nf3 O-O 6. h3 e5 7. d5 Nh5 8. g3 f5
9. exf5 gxf5 10. Be2 Qe8 11. c5 Na6 12. cxd6 cxd6 13. Nb5 Qe7 14. Bg5 Bf6 15.
Bxf6 Nxf6 16. Rc1 Kh8 17. a3 Nd7 18. g4 f4 19. Nc7 Nxc7 20. Rxc7 Qd8 21. Qc2 e4
22. Qc3+ Qf6 23. Ng5 Qxc3+ 24. bxc3 Nf6 25. Nf7+ Kg8 26. Nxd6 Nxd5 27. Bc4 Be6
28. Rxb7 e3 29. O-O Rab8 30. Rxa7 Rb6 31. Nf5 Nxc3 32. Nh6+ Kh8 33. Bd3 Bg8 34.
Nxg8 exf2+ 35. Rxf2 Kxg8 36. Bxh7+ Kh8 37. Bf5 Nd5 38. Rh7+ Kg8 39. Rd7 Nf6 40.
Rd3 Nh5 41. Be4 Rb1+ 42. Kg2 Ng3 1-0

[Event "Lliga Catalana DH "]
[Site "Barcelona"]
[Date "2018.04.07"]
[Round "10.3"]
[White "Gonzalez Garcia, Marcos"]
[Black "Porras Mateo, Felipe"]
[Result "1/2-1/2"]
[WhiteElo "2328"]
[BlackElo "2440"]
[PlyCount "45"]
[EventDate "2018.??.??"]
[WhiteTeam "TPE"]
[BlackTeam "SJO"]

1. d4 d5 2. Nf3 c6 3. c4 e6 4. Qc2 Nf6 5. Nbd2 Nbd7 6. g3 Be7 7. Bg2 O-O 8. O-O
b6 9. e4 Ba6 10. Re1 dxc4 11. Nxc4 c5 12. d5 exd5 13. exd5 Nxd5 14. Nfe5 Nxe5
15. Nxe5 Bf6 16. Qa4 Bc8 17. Bf4 Nxf4 18. Qxf4 Be6 19. Bxa8 Qxa8 20. Rad1 Re8
21. b3 h6 22. Qf3 Qb8 23. Nc4 1/2-1/2

[Event "Lliga Catalana DH "]
[Site "?"]
[Date "2018.04.07"]
[Round "10.5"]
[White "Gallart Zafra, Jaume"]
[Black "Iglesias, Jorge"]
[Result "1/2-1/2"]
[WhiteElo "2298"]
[BlackElo "2384"]
[PlyCount "84"]
[EventDate "2018.??.??"]
[WhiteTeam "TPE"]
[BlackTeam "SJO"]

1. e4 e5 2. f4 d5 3. exd5 exf4 4. Nf3 Bd6 5. Be2 Ne7 6. c4 c6 7. dxc6 Nbxc6 8.
d4 O-O 9. O-O Ng6 10. Nc3 Bf5 11. a3 Rc8 12. c5 Be7 13. Kh1 Bf6 14. d5 Nce5 15.
Nd4 Bg4 16. Bxf4 Bxe2 17. Ndxe2 Rxc5 18. Be3 Rc8 19. Ne4 Nd7 20. d6 Be5 21. Bg5
Qe8 22. N2g3 h6 23. Bd2 Qe6 24. Qh5 Nc5 25. Rae1 Nxe4 26. Rxe4 Rc4 27. Bb4 Rxe4
28. Nxe4 a5 29. Bxa5 Qd5 30. Bc3 Qxe4 31. Re1 Qc6 32. Bxe5 Re8 33. Bg3 Rxe1+
34. Bxe1 Qxd6 35. Bc3 Qd3 36. Kg1 Nf4 37. Qf3 Qxf3 38. gxf3 Ne2+ 39. Kf2 Nxc3
40. bxc3 Kf8 41. Ke3 Ke7 42. Kd4 Kd6 1/2-1/2

[Event "Lliga Catalana DH "]
[Site "?"]
[Date "2018.04.07"]
[Round "10.1"]
[White "Gozzoli, Yannick"]
[Black "Movszizian, Karen"]
[Result "1-0"]
[WhiteElo "2567"]
[BlackElo "2562"]
[PlyCount "123"]
[EventDate "2018.??.??"]
[WhiteTeam "FIG"]
[BlackTeam "SAN"]

1. d4 d6 2. Nf3 g6 3. c4 Bg7 4. Nc3 Nf6 5. e4 O-O 6. Be2 e5 7. O-O Na6 8. Re1
c6 9. Be3 exd4 10. Bxd4 Re8 11. Bf1 c5 12. Bxf6 Bxf6 13. h3 b6 14. Qd2 Bb7 15.
Nd5 Bg7 16. Nh2 Nc7 17. f4 Nxd5 18. cxd5 Qf6 19. Nf3 Qxb2 20. Qxb2 Bxb2 21.
Rab1 Bc3 22. Re3 Bd4 23. Nxd4 cxd4 24. Ree1 Rac8 25. Bd3 Kg7 26. Rb4 Bxd5 27.
Rxd4 Be6 28. Kf2 Red8 29. f5 Bxa2 30. Ra1 Bb3 31. Rxa7 Bc2 32. Bc4 gxf5 33. Be6
Rc5 34. Rxf7+ Kg6 35. Rxf5 Rxf5+ 36. Bxf5+ Kf6 37. Rc4 Bd3 38. Rc3 Bb5 39. Rb3
Bd7 40. Bxd7 Rxd7 41. Rxb6 Ke6 42. Rb5 Ra7 43. Rh5 Kf6 44. Kf3 Kg6 45. Rd5 Ra6
46. Kf4 Rb6 47. g4 Ra6 48. h4 h6 49. h5+ Kf7 50. Kf5 Rb6 51. Ra5 Rb7 52. Ra6
Rb5+ 53. Kf4 Ke6 54. Ra7 Rb1 55. Rh7 Rf1+ 56. Ke3 Re1+ 57. Kd3 Rd1+ 58. Ke2 Rb1
59. Rxh6+ Ke5 60. Kf3 Rf1+ 61. Kg3 Rd1 62. Rh8 1-0